000 01202nam a2200229Ia 4500
001 L195-2043
003 IT-CnALBA
008 170116s9999||||xx |||||||||||||| ||und||
040 _aIT-CnALBA
_cIT-CnALBA
041 _aITALIANO
100 _aMAZZINI GIUSEPPE
245 0 _aEDUCAZIONE (L') NAZIONALE.
250 _a1a ed.
260 _a TO BO CT PA
_bSOCIETÀ ED. INTER.
_c1930 [1° Ed.:1930 - Ed.Ling.Originale: 1930]
300 _a222 p. (prefazione: 5)
500 _aCURATORE SCARPA EMILIO. NOTE AUTOBIOGRAFICHE. LETTERE SCELTE. AMOR PATRIO DI DANTE. A CARLO ALBERTO DI SAVOIA. STATUTO DELLA GIOVANE ITALIA. FILOSOFIA DELLA MUSICA. I DOVERI DELL'UOMO. SCUOLA ELEMENTARE GRATUITA A LONDRA. AI GIOVANI D'ITALIA. IN MEMORIA D
501 _aSocietà San Paolo EM - Piazza San Paolo, 14 - 12051 ALBA (CN) (non commercial uses only) ® Copyright 2017
520 _aCURATORE SCARPA EMILIO. NOTE AUTOBIOGRAFICHE. LETTERE SCELTE. AMOR PATRIO DI DANTE. A CARLO ALBERTO DI SAVOIA. STATUTO DELLA GIOVANE ITALIA. FILOSOFIA DELLA MUSICA. I DOVERI DELL'UOMO. SCUOLA ELEMENTARE GRATUITA A LONDRA. AI GIOVANI D'ITALIA. IN MEMORIA D
650 _aFILOSOFIA ITALIANA
942 _cBK
957 _71
999 _a3022
_bSI
_g Copie: 1
_c261259
_d261259